<?xml version="1.0" encoding="UTF-8"?>
<record
    xmlns:xsi="http://www.w3.org/2001/XMLSchema-instance"
    xsi:schemaLocation="http://www.loc.gov/MARC21/slim http://www.loc.gov/standards/marcxml/schema/MARC21slim.xsd"
    xmlns="http://www.loc.gov/MARC21/slim">

  <leader>00740nam a22001577a 4500</leader>
  <controlfield tag="005">20250829094931.0</controlfield>
  <controlfield tag="008">250829b        |||||||| |||| 00| 0 eng d</controlfield>
  <datafield tag="050" ind1=" " ind2=" ">
    <subfield code="a">THE BV 652.9 .K4 M83 2005</subfield>
    <subfield code="b">C.1</subfield>
  </datafield>
  <datafield tag="100" ind1=" " ind2=" ">
    <subfield code="a">Maina, Waiganjo Mwangi</subfield>
  </datafield>
  <datafield tag="245" ind1=" " ind2=" ">
    <subfield code="a">Factors Influencing Performance of Volunteers in Church Organizations: A Case of Selected Protestant Church Organizations in Nakuru Municipality</subfield>
  </datafield>
  <datafield tag="260" ind1=" " ind2=" ">
    <subfield code="a">Kisii</subfield>
    <subfield code="b">Kisii University</subfield>
    <subfield code="c">2005</subfield>
  </datafield>
  <datafield tag="300" ind1=" " ind2=" ">
    <subfield code="a">xiii, 60p.:ill.</subfield>
  </datafield>
  <datafield tag="500" ind1=" " ind2=" ">
    <subfield code="a">Includes bibliographical references </subfield>
  </datafield>
  <datafield tag="650" ind1=" " ind2=" ">
    <subfield code="a">1. Voluntarism&#x2014;Kenya&#x2014;Nakuru Municipality. 2. Church work&#x2014;Kenya&#x2014;Protestant churches. 3. Protestant churches&#x2014;Kenya&#x2014;Administration. 4. Christianity and social work&#x2014;Kenya.</subfield>
  </datafield>
  <datafield tag="942" ind1=" " ind2=" ">
    <subfield code="2">lcc</subfield>
    <subfield code="c">REF</subfield>
  </datafield>
  <datafield tag="999" ind1=" " ind2=" ">
    <subfield code="c">216051</subfield>
    <subfield code="d">216051</subfield>
  </datafield>
  <datafield tag="952" ind1=" " ind2=" ">
    <subfield code="0">0</subfield>
    <subfield code="1">0</subfield>
    <subfield code="2">lcc</subfield>
    <subfield code="4">0</subfield>
    <subfield code="6">THE B V  00652.00009 .K00004 M00083 02005</subfield>
    <subfield code="7">0</subfield>
    <subfield code="8">SC</subfield>
    <subfield code="9">372901</subfield>
    <subfield code="a">KSUL</subfield>
    <subfield code="b">KSUL</subfield>
    <subfield code="d">2025-08-29</subfield>
    <subfield code="i">109461</subfield>
    <subfield code="l">0</subfield>
    <subfield code="o">THE BV 652.9 .K4 M83 2005</subfield>
    <subfield code="p">000000024757</subfield>
    <subfield code="r">2025-08-29 09:51:53</subfield>
    <subfield code="t">C.1</subfield>
    <subfield code="w">2025-08-29</subfield>
    <subfield code="y">REF</subfield>
  </datafield>
</record>
